000 00789nam a2200253Ia 4500
003 OSt
005 20220923213209.0
006 a|||||r|||| 00| 0
007 ta
008 220922b |||||||| |||| 00| 0 hin d
024 _a159,737
037 _cTextual
040 _aARTS
_cARTS
_bhin
041 _2hin
_ahin
082 _aO152,1:g(P:75), L2
100 _aप्रशान्त कुमार
245 0 _aरसाभास
246 _aRasābhāsa
260 _aदिल्ली
_b शोध प्रबंध प्रकाशन
_c1972
300 _a384पृ.
_ccm.
650 _aहिन्दी साहित्य
_9156264
942 _hO152,1:g(P:75), L2
_cTEXL
_2CC
999 _c314484
_d314484